000 00246nam a22000977a 4500
008 160512b xxu||||| |||| 00| 0 eng d
041 _aeng
080 _a612.39
245 _aLenda e pare ne industrine ushqimore 1:
_cNamik Durmishi;
942 _2udc
_cBK
999 _c2123
_d2123